000 00275nam a22001097a 4500
082 _a621.38153 ADA'B
100 _aADAMS, THOMAS M
_956585
245 _aBASIC ELECTRONICS SERIES TRANSISTOR CIRCUITS
260 _aNEWYORK
_bHOWRAD W. SAMS
_c1962
300 _a136P
942 _cBK
999 _c567747
_d567747